Old names of countries - Statistics

General Stats
  • This quiz has been taken 78 times
  • The average score is 7 of 10
Answer Stats
Hint Answer % Correct
Persia Iran
99%
Mesopotamia Iraq
86%
Siam Thailand
86%
Hellas Greece
83%
Nippon Japan
81%
Anatolia Turkey
76%
Gaul France
74%
Cathay China
39%
Kemet Egypt
26%
Scythia Ukraine
16%
No matching quizzes found
Score Distribution
Percent of People with Each Score
Percentile by Number Answered
Your Score History
You have not taken this quiz